| 000 | 00881nam a2200289 a 4500 | ||
|---|---|---|---|
| 999 |
_c3348 _d3348 |
||
| 001 | 3348 | ||
| 003 | BD-JhCC | ||
| 005 | 20171112205811.0 | ||
| 008 | 720216s1971 ctua bd 000 0 eng | ||
| 020 | _a0821211153 | ||
| 035 | _a(BD-JhCC)3348 | ||
| 040 |
_aDLC _cDLC _dDLC _dBD-JhCC |
||
| 041 | _aeng | ||
| 050 | 0 | 0 |
_aN33 _b.E45 1971 |
| 082 | 0 | 0 |
_a703 _bEHR 1971 |
| 100 | 1 | _aEhresmann, Julia M. | |
| 245 | 1 | 4 |
_aThe pocket dictionary of art terms / _cedited by Julia M. Ehresmann. |
| 250 | _a[Rev., expanded and illustrated] | ||
| 260 |
_aGreenwich, Conn., _bNew York Graphic Society _c1971. |
||
| 300 |
_a1 v. (unpaged) _billus. _c18 cm. |
||
| 500 | _aRevised version of the original ed., first published in 1961, compiled by Mervyn Levy. | ||
| 504 | _aIncludes bibliography. | ||
| 650 | 0 |
_aArt _xTerminology. |
|
| 740 | 0 | _aArt terms. | |
| 942 |
_2ddc _cBK |
||